000 00344nam a2200169Ia 4500
008 210210b xxu||||| |||| 00| 0 eng d
041 _aeng
082 _a828/114
100 _aBURKE (T)
245 _aSon of London
260 _aLondon
_b-
_c
650 _aSon
650 _aof
650 _aLondon
690 _aBiography
906 _a015959
999 _c135348
_d135348